000 00494nam a2200193 a 4500
001 1769935627337
003 YourLibrary
005 20260201143128.0
008 260201s2002##################000#0#eng##
020 _a9780140293333
082 0 4 _a332.49
_bFER
100 1 _aFerguson, Niall,
_eauthor.
245 1 0 _aThe Cash Nexus :
260 _bPenguin Group(CA),
_c2002.
300 _a552 pages
650 0 _aEconomic history.
942 _cENGLISH
040 _aYourLibrary
_beng
_cYourLibrary
999 _c609664
_d609664